| 000 | 00601nam a22001817a 4500 | ||
|---|---|---|---|
| 003 | CEME | ||
| 005 | 20210628201927.0 | ||
| 008 | 210208b xxu||||| |||| 00| 0 eng d | ||
| 020 | _a81-203-0508-6 | ||
| 040 | _c. | ||
| 082 | _a519.82 TRI | ||
| 100 |
_aTrivedi, Kishor Shridharbhai _957458 |
||
| 245 | _aProbability and statistics with reliability, queuing, and computer science applications | ||
| 260 |
_aNEW DELHI _bPRENTICE HALL OF INDIA _c2004 |
||
| 300 | _aX,624P | ||
| 650 |
_aPROBABILITY AND STATISTICS WITH RELIABILITY, QUEUING, AND COMPUTER SCIENCE APPLICATIONS _957459 |
||
| 942 |
_cBK _2ddc |
||
| 999 |
_c567736 _d567736 |
||